MARC details
| 000 -LEADER |
| fixed length control field |
01223nam a2200289 4500 |
| 008 - FIXED-LENGTH DATA ELEMENTS--GENERAL INFORMATION |
| fixed length control field |
s1998 fr fre u |
| 040 ## - CATALOGING SOURCE |
| Original cataloging agency |
LB-BrCRDP |
| 082 1# - DEWEY DECIMAL CLASSIFICATION NUMBER |
| Classification number |
541 |
| Item number |
Gal |
| 100 1# - MAIN ENTRY--PERSONAL NAME |
| Personal name |
Lydia, Bretos |
| 245 10 - TITLE STATEMENT |
| Title |
Des faits aux phénomènes (3): La lumière piégée- Céramique, Verre et Cie - Jeux célestes : vidéocasette |
| Statement of responsibility, etc. |
Lydia Bretos, Michel Vérot |
| 260 ## - PUBLICATION, DISTRIBUTION, ETC. |
| Place of publication, distribution, etc. |
Paris |
| Name of publisher, distributor, etc. |
CNDP video |
| Date of publication, distribution, etc. |
1998 |
| 260 ## - PUBLICATION, DISTRIBUTION, ETC. |
| Place of publication, distribution, etc. |
Paris |
| Name of publisher, distributor, etc. |
Savoir Collège |
| 300 ## - PHYSICAL DESCRIPTION |
| Extent |
13mn |
| 490 1# - SERIES STATEMENT |
| Series statement |
Galilée |
| 520 ## - SUMMARY, ETC. |
| Summary, etc. |
Des faits aux phénomènes : les grands phénomènes physiques et chimiques à travers le travail de scientifiques et une expérience traitée de façon humoristique. une vidéocasssette de tros émissions de 13 mn. |
| 650 4# - SUBJECT ADDED ENTRY--TOPICAL TERM |
| Topical term or geographic name entry element |
L'air qui nous entoure |
| 650 4# - SUBJECT ADDED ENTRY--TOPICAL TERM |
| Topical term or geographic name entry element |
Notre environnement ( synthèse ) |
| 650 4# - SUBJECT ADDED ENTRY--TOPICAL TERM |
| Topical term or geographic name entry element |
Atomes et molécules |
| 650 4# - SUBJECT ADDED ENTRY--TOPICAL TERM |
| Topical term or geographic name entry element |
Structures cristallines |
| 650 4# - SUBJECT ADDED ENTRY--TOPICAL TERM |
| Topical term or geographic name entry element |
La lumière et les couleurs |
| 650 4# - SUBJECT ADDED ENTRY--TOPICAL TERM |
| Topical term or geographic name entry element |
Propriétés et utilisations des matériaux |
| 650 4# - SUBJECT ADDED ENTRY--TOPICAL TERM |
| Topical term or geographic name entry element |
Trajectoires et vitesses |
| 700 1# - ADDED ENTRY--PERSONAL NAME |
| Personal name |
Michel, Vérot |
| 830 #0 - SERIES ADDED ENTRY--UNIFORM TITLE |
| Uniform title |
Galilée |
| Name of part/section of a work |
L'émission du CNDP et de la cinquième pour les écoles et les collèges |
| 942 ## - ADDED ENTRY ELEMENTS (KOHA) |
| Koha item type |
Books |